000 00499nam a2200169 a 4500
001 000029197
005 20210420113209.0
008 110414s2007 dr d r 000 0 spa d
020 _a9789280643565
040 _aDO-SdBNP
_bspa
_cBNPHU
082 _axxxx
_bI43d
245 0 3 _aLa infancia dominicana en cifras.
260 _aSanto Domingo :
_bUNICEF,
_c2007.
300 _a87 p. :
_bgráf. ;
_c28 cm.
590 _aInventariado, 2019/BT
710 _aFondo de las Naciones Unidas para la Infancia
_99270
999 _c28689
_d28689